000 00486nam a2200205Ia 4500
008 240510s9999 xx 000 0 und d
020 _a0000136299814
041 _aEng
082 _a005.117
082 _bC51
100 _aCOAD P & YOURDON E.
245 0 _aOBJECT ORIENTED ANALYSIS
250 _a2nd ed.
260 _bNEW JERSEY : YOURDON
260 _c1990
300 _a233 p.
650 _aOBJECT ORIENTED PROGRAMMING : SYSTEM ANALYSIS
942 _2ddc
942 _cRBK
999 _c24778
_d24778
945 _a1
_bMadushi Gamage
_c1
_dMadushi Gamage